Tvárou k slobode život vo svete bez opôr

Bibliographic Details
Main Author: Midal, Fabrice, 1967- (Author)
Other Authors: Záthurecký, Andrej (Translator)
Format: Book
Language:Slovak
French
PhysicalDescription:239 s. 21 cm
Published: Bratislava Občianske združenie Hronka 2017
ISBN:9788089875085
Edition:1. slov. vyd.
Subjects:

MARC

LEADER 00000cam a2200000 a 4500
001 vtls011734450
003 SK-MaSNL
005 20260301095015.0
008 240318s2017 xo g n 000 e slo
015 |a SNBA2018/02 
020 |a 9788089875085  |q (brož.) 
035 |a urn:nbn:sk:snk-am00dajc 
035 |a urn:nbn:sk:snk-am3hvki 
035 |a 5373613D-3311-4278-9590-A7F6E19B0BEC 
040 |a SNK  |b slo  |c SNK  |e AACR2 
041 1 |a slo  |h fre 
044 |a xo  |c SK 
072 7 |a 14  |x Filozofické systémy a hľadiská  |2 konspekt 
080 |a 141.319.8  |2 2011 
080 |a (0:82-4)  |2 2011 
080 |a 11  |2 2011 
080 |a 123.1  |2 2011 
080 |a 24  |2 2011 
100 1 |a Midal, Fabrice,  |d 1967-  |4 aut  |9 176476 
240 1 0 |a Risquer la liberté  |l Slovensky 
245 1 0 |a Tvárou k slobode  |b život vo svete bez opôr  |c Fabrice Midal ; [z francúzskeho originálu preložil a poznámky spracoval Andrej Záthurecký] 
250 |a 1. slov. vyd. 
260 |a Bratislava  |b Občianske združenie Hronka  |c 2017 
300 |a 239 s.  |c 21 cm 
504 |a Bibliografické odkazy ; poznámky 
650 0 7 |a filozofická antropológia  |2 SNKPH  |9 2075 
650 0 7 |a Metaphysics  |2 SNKPHeng  |9 302772 
650 0 7 |a Philosophical anthropology  |2 SNKPHeng  |9 315558 
650 0 7 |a metafyzika  |2 SNKPH  |9 810 
650 0 7 |a sloboda  |2 SNKPH  |9 2170 
650 0 7 |a Freedom  |2 SNKPHeng  |9 343773 
650 0 7 |a budhizmus  |2 SNKPH  |9 1819 
650 0 7 |a Buddhism  |2 SNKPHeng  |9 277451 
655 7 |a eseje  |2 SNKPH  |9 57030 
655 7 |a Essays  |2 SNKPHeng  |9 267540 
700 1 |a Záthurecký, Andrej  |4 trl  |4 oth  |9 304130 
852 |a Štátna vedecká knižnica v Banskej Bystrici 
919 |a 978-80-89875-08-5 
958 |a NB 
958 |a OP 
968 |b FR 
999 |c 681929  |d 683859 
952 |a SNK  |b SNK  |y PREZ  |7 0  |p 17A1306871  |o snkSD 86892  |i snk2018/593  |8 0  |0 0  |1 0  |4 0  |d 2018-01-10  |f 1  |l 0  |r 2026-02-23 20:00:26  |w 2026-02-23 
952 |a SNK  |b SNK  |y VYP  |7 0  |p 17A1306872  |o snkSD 86892 D1  |i snk2018/594  |8 0  |0 0  |1 0  |4 0  |d 2018-01-10  |l 0  |r 2026-02-23 20:00:26  |w 2026-02-23